| 000 | 00340nam a2200145Ia 4500 | ||
|---|---|---|---|
| 005 | 20251222153630.0 | ||
| 008 | 251222s9999||||xx |||||||||||||| ||spa|| | ||
| 020 | _a9788467438048 | ||
| 082 | _a900/C64 | ||
| 100 | _a Cirlot, Lourdes | ||
| 245 | 0 | _aMuseos del Mundo | |
| 250 | _a1ra .ed | ||
| 264 | _bCentro Editor PDA, S.L | ||
| 942 | _cLIB | ||
| 999 |
_c32318 _d32318 |
||